| 000 | 00868nam0a22002651 4500 | ||
|---|---|---|---|
| 001 | rc\4625070 | ||
| 005 | 20250612133701.0 | ||
| 021 |
_aRU _b[67-29767] |
||
| 035 | _a(NLR Aleph) 008676252 | ||
| 090 |
_a9150422 _c9150422 |
||
| 100 | _a20130416d1967 |||y0rusy50 ca | ||
| 101 | 0 | _arus | |
| 102 | _aRU | ||
| 105 | _aa b ||||| | ||
| 200 | 1 | _aПроизводство и применение экономических профилей проката | |
| 210 |
_aМосква _cМеталлургия _d1967 |
||
| 215 |
_a158 с. _cил. _d22 |
||
| 320 | _aБиблиогр.: с. 155-157 (84 назв.) | ||
| 606 |
_aПрокатные профили, экономичные _2psbo |
||
| 700 | 1 |
_aСвец _bВ.Е. _gВладимир Евсеевич |
|
| 801 | 0 |
_aRU _bNLR _gpsbo |
|
| 801 | 1 |
_aRU _bELAR _2rusmarc |
|
| 852 |
_aNLR _j67-5/2036 |
||
| 942 | _cBOOK | ||
| 980 | _aNB | ||